000 00396nam a2200145Ia 4500
008 210210b1991 xxu||||| |||| 00| 0 eng d
082 _a510 CHAT
100 _aCHANDRASEKHARAIAH (D S) & others.
245 _aText book of mathematics.I BSc, V1.
260 _aBangalore
_bBook Bureau Publications
_c1991
300 _a496
650 _aBSc I year maths
690 _aMathematics
906 _a046441
999 _c95741
_d95741